logo

Bir Sreshtho Munshi Abdur Rouf Library
Jhenaidah Cadet College

The concise Oxford dictionary of current English / (Record no. 9642)

MARC details
000 -LEADER
fixed length control field 00846cam a2200265 a 4500
001 - CONTROL NUMBER
JCCL Control Number 9642
003 - CONTROL NUMBER IDENTIFIER
JCCL marc code BD-JhCC
005 - DATE AND TIME OF LATEST TRANSACTION
control field 20180321163012.0
008 - FIXED-LENGTH DATA ELEMENTS--GENERAL INFORMATION
fixed length control field 180321s19741964nyu d 000 0 eng
020 ## - INTERNATIONAL STANDARD BOOK NUMBER
International Standard Book Number 9780199696123 (hardback)
035 ## - SYSTEM CONTROL NUMBER
system control number (BD-JhCC)9642
040 ## - CATALOGING SOURCE
Original cataloging agency DLC
Transcribing agency DLC
Modifying agency DLC
-- BD-JhCC
041 ## - LANGUAGE CODE
Language code of Book eng
050 00 - LIBRARY OF CONGRESS CALL NUMBER
Classification number PE1628
Item number .F6 1964
082 00 - DEWEY DECIMAL CLASSIFICATION NUMBER
Classification number 423
DDC Edition number 23
Author mark and Year FOW 1964
100 1# - MAIN ENTRY--PERSONAL NAME
Personal name Fowler, H. W.
Fuller form of name (Henry Watson),
Dates associated with a name 1858-1933.
245 04 - TITLE STATEMENT
Title The concise Oxford dictionary of current English /
Statement of responsibility, etc H. W. and F. G. Fowler ; with an introduction by David Crystal.
250 ## - EDITION STATEMENT
Edition statement 5th ed.
260 ## - PUBLICATION, DISTRIBUTION, ETC. (IMPRINT)
Place of publication, distribution, etc Oxford ;
-- New York, NY :
Name of publisher, distributor, etc Oxford University Press,
Date of publication, distribution, etc 1968.
300 ## - PHYSICAL DESCRIPTION
Pagination 1561p. :
Dimensions 20 cm.
650 #0 - SUBJECT ADDED ENTRY--TOPICAL TERM
Topical term or geographic name as entry element English language
Form subdivision Dictionaries.
700 1# - ADDED ENTRY--PERSONAL NAME
Personal name Fowler, F. G.
Fuller form of name (Francis George),
Dates associated with a name 1870-1918.
942 ## - ADDED ENTRY ELEMENTS (KOHA)
Source of classification or shelving scheme Dewey Decimal Classification
Koha item type Books
Holdings
Source of classification or shelving scheme Damaged status Not for loan Home library Current library Shelving location Total Checkouts Full call number Barcode Date last seen Copy number Koha item type
Dewey Decimal Classification     JCC Rouf Library JCC Rouf Library General Stacks   423 FOW 1964 12803 03/21/2018 C - 1 Books

JCC Library | Contacts | JCC Home

Last Update on 23 September 2017
Copyright @ 2017-2020 JCC Rouf Library
Rouf Library, Jhenidah Cadet College (JCC), Bangladesh